077_ Personnalités nées un 18 mars par images - Statistiques

Statistiques générales
  • Ce quiz a été pris 47 fois
  • Le résultat moyen est 4 sur 9
Statistiques - réponses
Par images Hint Réponse % Correct
Animateur Olivier Minne
98%
Youtubeuse EnjoyPhoenix
76%
Producteur Luc Besson
76%
Politicienne Arlette Laguiller
44%
Mannequin Laeticia Hallyday
40%
Actrice Alice Belaïdi
33%
Actrice Lily Collins
24%
Homme d'affaires Arnaud Lagardère
18%
Dirigeant Politique Neville Chamberlain
2%
Aucun quiz correspondant
Distribution des résultats
% des personnes avec chaque résultat
Percentile par nombre de réponses
Votre historique - résultats
Vous n’avez pas pris ce quiz